000 00455nam a2200181Ia 4500
001 20023
005 20260306172735.0
008 260306t1992||||xx |||||||||||||| ||spa||
041 _aESP
082 _a342.211
_bB18
100 _aBallesteros , Jesús [ed.]
_eAUT
245 0 _aDerechos humanos:
_bconcepto, fundamentos, sujetos
260 _c1992
300 _a242 páginas :
_c24 cm.
650 _aGEN
654 _aCDE
942 _cLIB
_dJUS
_fJUS
_2ddc
_n
999 _c20023
_d20023